000 00518nam a2200193Ia 4500
001 43955
008 140425s9999 xx 000 0 und d
020 _aNA
040 _cPK-LaUMT
082 _aRHC 891.4395484
_bUMA-M
100 _aMoeen ud Din Aqeel
245 _aMadah-o-qadah Dakkan (Urdu)
_cMoeen ud Din Aqeel<>Umar Khalidi
260 _aKarachi,Pakistan:
_bMajlas Tareekh Daccan,
_c1993
300 _a128 p.
546 _aUR
650 _aHyderabad literature-Urdu
700 _aUmar Khalidi
942 _cBK
999 _c41955
_d41955